000 00484nam a2200181 i 4500
001 132056
003 ES-MaACL
005 20251116063104.0
007 t|
008 070214s1968 sp |||| | spa d
080 _a821.134.2-31"19"
100 1 _aRojas, Carlos,
_d1928-
_9161767
245 1 0 _aAuto de fe
_b: novela /
_cCarlos Rojas.
260 _aMadrid :
_bGuadarrama,
_c1968.
300 _a469 p. ;
_c18 cm.
852 _aES-MaACL
_jC-34809
999 _c132056
_d132056